000 01239nam0a2200301 4500
001 RU\NLR\ONL2\4018
005 20260406074845.0
010 _a5-298-01433-X
_93000
035 _a(NLR Aleph) 009651616
090 _a9573912
_c9573912
100 _a20050919d2004 u y0rusy50 ca
101 0 _atat
102 _aRU
105 _ac |||||||||
200 1 _aИске сэгать дорес йори
_eПовестьлар, роман
_fРазил Вэлиев
210 _aКазан
_cТатар. кит. нэшр.
_d2004
215 _a477,[2] б.
_cпортр.
_d21
541 1 _6z01790
_aСтарые часы ходят верно
_eПовести, роман.
_zrus
686 1 _aШ6(2=Тат)7-4
700 1 _4070
_7ca
_8tat
_aВәлиев
_bР. И. улы
_cпоэт, канд. ист. наук
_f1947-2023
_gРазил Исмәгыйль улы
_9153974
_3RU\NLR\AUTH\770154012
790 1 _4070
_7ca
_8rus
_aВалеев
_bР. И.
_cпоэт, канд. ист. наук
_f1947-2023
_gРазиль Исмагилович
_9129831
_3RU\NLR\AUTH\770129862
801 0 _aRU
_bNLR
_c20050919
_gPSBO
852 _aNLR
_bОНЛ
_jТатар./3-13153
942 _cBOOK
980 _aNB
980 _aONL_RF